000 00745cam a2200241 a 4500
001 000009594
005 20200929161633.0
008 850806s1982 mx f001 1 spa
020 _a9684342497
040 _aDO-SdBNP
_bspa
_cLC
_dBNPHU
082 _aV863.44
_bA997s
100 1 _aAzuela, Mariano,
_d1873-1952.
_924244
245 1 0 _aSin amor /
_cMariano Azuela.
260 _aMéxico, D. F. :
_bPublicaciones y Bibliotecas Cultura SEP ;
_bPremia,
_c1982.
300 _a152 p. ;
_c21 cm.
490 1 _aLa Matraca
_v11
500 _a"del folletín a los cristeros..."
650 4 _aNovela española
_91123
650 4 _aLiteratura española
_9632
830 0 _aLa Matraca,
_v11
_917675
910 _aCatalogación por copia / LC
049 _aBNGR
999 _c9354
_d9354